000 00513nam a2200181Ia 4500
008 230917s9999||||xx |||||||||||||| ||und||
020 _cUSD58
040 _e221191
_aMAIN
041 _aEnglish
082 _a519.5 G325B
100 _aGerstman, B Burt
245 0 _aBasic biostatistics: Statistics for public health practice
250 _a2nd ed.
260 _aBurlington
_bJones & Barlett Learning
_c2015
300 _axv, 644 p.
500 _a1718 24/12/2014 RBP 44268 27/02/2015 Main Budget
942 _cBK
999 _c12869
_d12869